[Event "Mersin op 7th"]
[Site "Mersin"]
[Date "2023.11.15"]
[Round "6"]
[White "Atis, Hasan"]
[Black "Rzayev, Chingiz Qafar Oglu"]
[Result "0-1"]
[WhiteElo "2001"]
[BlackElo "2088"]
[PlyCount "84"]
[EventDate "2023.11.12"]
[EventType "swiss"]
[EventRounds "9"]
[EventCountry "TUR"]
[SourceTitle "CB47_2023"]
[SourceDate "2023.11.22"]
[SourceVersion "1"]
[SourceVersionDate "2023.11.22"]
[SourceQuality "1"]

1. e4 d5 2. exd5 Nf6 3. Nf3 Bg4 4. d4 Qxd5 5. Nc3 Qf5 6. Bd3 Qh5 7. Nb5 Na6 8. Bf4 c6 9. Na3 e6 10. Nc4 Nb4 11. Be2 Qf5 12. Bg3 Nxc2+ 13. Kf1 Bxf3 14. gxf3 Nxa1 15. Qxa1 Nh5 16. Ne3 Nxg3+ 17. fxg3 Qa5 18. Kf2 Be7 19. a3 0-0 20. Rd1 Rfd8 21. b4 Qc7 22. Qc3 Rd7 23. Nc2 Bf6 24. Ke3 Rad8 25. Rd3 e5 26. dxe5 Qxe5+ 27. Qxe5 Bxe5 28. Rb3 Re8 29. f4 Bxf4+ 30. Kf3 Bc7 31. b5 Bb6 32. Bd3 g6 33. a4 Red8 34. Ke2 Re7+ 35. Kf3 cxb5 36. axb5 Rc7 37. Ke2 Re8+ 38. Kf3 Rec8 39. Nb4 Rc3 40. Rxc3 Rxc3 41. Ke2 Rc1 42. Be4 Rc4 0-1

[Event "TUR-ch U20"]
[Site "Samsun"]
[Date "2023.05.20"]
[Round "2"]
[White "Atis, Hasan"]
[Black "Akyuz, Pars"]
[Result "1-0"]
[WhiteElo "1890"]
[BlackElo "1219"]
[PlyCount "127"]
[EventDate "2023.05.19"]
[EventType "swiss"]
[EventRounds "9"]
[EventCountry "TUR"]
[SourceTitle "CBM 214 Extra"]
[Source "ChessBase"]
[SourceDate "2023.07.31"]
[SourceVersion "1"]
[SourceVersionDate "2023.07.31"]
[SourceQuality "1"]

1. e4 c6 2. d4 d5 3. Nc3 dxe4 4. Nxe4 Bf5 5. Ng3 Bg6 6. Nf3 Nf6 7. Bc4 e6 8. c3 Bd6 9. Qe2 0-0 10. Ne5 Nbd7 11. Bb3 Qc7 12. Nc4 Rfe8 13. Nxd6 Qxd6 14. 0-0 c5 15. Rd1 Qc7 16. Be3 cxd4 17. Rxd4 Nb6 18. Rad1 Nbd5 19. Bc1 Nb6 20. Qf3 a5 21. a3 e5 22. Rd6 Nc8 23. R6d2 Ne7 24. Ba4 e4 25. Qe2 Nc6 26. Rd6 Red8 27. Bf4 Rxd6 28. Rxd6 Qb6 29. Qb5 Qxb5 30. Bxb5 Ne8 31. Rd5 Nf6 32. Bxc6 Nxd5 33. Bxd5 Rd8 34. c4 Rd7 35. Kf1 h5 36. h4 b5 37. Ke2 bxc4 38. Bxc4 Kf8 39. Bd2 Rb7 40. b4 axb4 41. Bxb4+ Ke8 42. Bd5 Rb6 43. Nxe4 Bxe4 44. Bxe4 Re6 45. Kd3 Rf6 46. Bf3 Rf4 47. Bxh5 Rxh4 48. Bf3 Rh6 49. a4 Ra6 50. a5 Kd7 51. Kc4 Kc7 52. Kb5 Ra7 53. Bc5 Rb7+ 54. Bxb7 Kxb7 55. a6+ Ka8 56. f4 f5 57. Kb6 Kb8 58. Bd6+ Ka8 59. Be5 g6 60. Bc7 g5 61. fxg5 f4 62. g6 f3 63. g7 fxg2 64. g8Q# 1-0

[Event "Ayvalik Iris"]
[Site "Ayvalik"]
[Date "2023.05.10"]
[Round "5"]
[White "Zaksaite, Salomeja"]
[Black "Atis, Hasan"]
[Result "0-1"]
[WhiteElo "2283"]
[BlackElo "1890"]
[PlyCount "86"]
[EventDate "2023.05.07"]
[EventType "schev"]
[EventRounds "9"]
[EventCountry "TUR"]
[SourceTitle "CBM 214 Extra"]
[Source "ChessBase"]
[SourceDate "2023.07.31"]
[SourceVersion "1"]
[SourceVersionDate "2023.07.31"]
[SourceQuality "1"]
[WhiteTeam "Team D"]
[BlackTeam "Team B"]
[WhiteTeamCountry "TUR"]
[BlackTeamCountry "TUR"]

1. d4 d5 2. Nc3 Nf6 3. Bf4 a6 4. e3 Bf5 5. Bd3 Bg6 6. h4 e6 7. h5 Bxd3 8. cxd3 h6 9. Qf3 Nfd7 10. Nge2 c5 11. 0-0 Nc6 12. dxc5 Nxc5 13. Rfd1 Rc8 14. d4 Nd7 15. e4 dxe4 16. Nxe4 Nb6 17. Qg3 Nd5 18. Nd6+ Bxd6 19. Bxd6 Qg5 20. Qb3 Rd8 21. Bc5 Rd7 22. Ng3 f5 23. Re1 Kf7 24. Rad1 Rc8 25. a4 b6 26. Ba3 Na5 27. Qd3 Nc4 28. Bc5 Nce3 29. Qxa6 Rdc7 30. Bd6 Nxd1 31. Bxc7 Rxc7 32. Rxd1 f4 33. Ne4 Qxh5 34. Re1 Rc2 35. Nc3 Qh4 36. Ne4 f3 37. gxf3 Nf4 38. Qb7+ Kg8 39. Qa8+ Kh7 40. Qe8 Nh3+ 41. Kg2 Nxf2 42. Nf6+ Qxf6 43. Rxe6 Ne4+ 0-1